=LDR 00000nam 2200000 4500 =001 INLIS000000000025688 =005 20211026091248 =035 ##$$a 0010-061300000025688 =008 211026################e##########0#ind## =041 ##$$a Ind =082 ##$$a 345.05 =090 ##$$a 345.05, Sut h =100 ##$$a Sutomo, A =245 1#$$a Hukum acara pidana Indonesia dalam praktek /$c A. Soetomo =260 ##$$a Jakarta :$b Pustaka Kartini,$c 1990. =300 ##$$a vi, 169 hlm, ; $c 20 x 15 cm. =650 #4$$a Hukum Acara Pidana =850 ##$$a NBPNMAT =020 ##$$a 979-454-051-x =084 ##$$a 345.05 SUT h =250 ##$$a cet.1 =504 ##$$a Bibligrafi :hlm.168-169 =990 ##$$a 00052220 =990 ##$$a 117.060/Pro-97